Nous - Julien Doré : Paroles - Statistiques

Statistiques générales
  • Ce quiz a été pris 27 fois
  • Le résultat moyen est 114 sur 167
Statistiques - réponses
Paroles % Correct
Nous
100%
nous
100%
de
92%
fout
88%
tout
88%
vous
88%
la
84%
on
84%
se
84%
s'en
84%
est
80%
tant
80%
à
76%
pouvez
76%
prendre
76%
qu'on
76%
le
72%
ira
68%
mer
68%
voir
68%
les
64%
si
64%
faire
56%
c'est
52%
demain
52%
sont
52%
fiers
48%
gens
48%
l'eau
48%
plus
48%
rien
48%
tendre
48%
un
48%
hier
44%
juste
44%
lune
44%
et
40%
40%
perd
40%
peu
40%
pour
40%
su
40%
n'a
36%
pas
36%
éclaire
32%
hors
32%
monde
32%
perdre
32%
sur
32%
imaginer
28%
par
28%
plaire
28%
quelques
28%
voulu
28%
bien
24%
monter
24%
pierres
24%
têtes
24%
blessé
20%
défaire
20%
d'égo
20%
dos
20%
revoir
20%
laissé
16%
langues
16%
ventre
12%
n'ait
8%
Aucun quiz correspondant
Distribution des résultats
% des personnes avec chaque résultat
Percentile par nombre de réponses
Votre historique - résultats
Vous n’avez pas pris ce quiz